Images par lettre - P - Statistiques

Statistiques générales
  • Ce quiz a été pris 451 fois
  • Le résultat moyen est 11 sur 15
Statistiques - réponses
Par images Réponse % Correct
Pizza
100%
Pistache
95%
Pape
94%
Pêche
94%
Paris
86%
Papaye
82%
Pologne
82%
Pirate
81%
Paix
77%
Pelican
77%
Pakistan
71%
Pérou
65%
Poutine
53%
Philippines
43%
Pacane
4%
Aucun quiz correspondant
Distribution des résultats
% des personnes avec chaque résultat
Percentile par nombre de réponses
Votre historique - résultats
Vous n’avez pas pris ce quiz